History of Ancient India: (Record no. 206647)

MARC details
000 -LEADER
fixed length control field 00648nam a22001937a 4500
005 - DATE AND TIME OF LATEST TRANSACTION
control field 20241023154206.0
010 ## - LCCN (DPL NO)
LC control number ENG-142303
020 ## - INTERNATIONAL STANDARD BOOK NUMBER
Terms of availability 1795.00
International Standard Book Number 9788195116171
035 ## - SYSTEM CONTROL NUMBER
System control number EN-125835
037 ## - SOURCE OF ACQUISITION
Source of stock number/acquisition DBAD
082 ## - DEWEY DECIMAL CLASSIFICATION NUMBER
Classification number 954.01
Edition number 1
100 ## - MAIN ENTRY--PERSONAL NAME
Personal name Balkhande, Sukhadev
245 ## - TITLE STATEMENT
Title History of Ancient India:
Remainder of title Upto 647 A.D./
Statement of responsibility, etc by Sukhadev Balkhande
250 ## - EDITION STATEMENT
Edition statement 1
260 ## - PUBLICATION, DISTRIBUTION, ETC. (IMPRINT)
Place of publication, distribution, etc Jaipur
Name of publisher, distributor, etc Apex Publication
Date of publication, distribution, etc 2021
270 ## - ADDRESS
City Jaipur
Address 118, Chitragupt Nagar First, Imali Phatak Lalkothi, Gandhi Nagar
Postal code 302015
Electronic mail address apexpublicationjpr@gmail.com
Telephone number 7891981213
300 ## - PHYSICAL DESCRIPTION
Extent x,308p.
Dimensions 24cm(hb)
942 ## - ADDED ENTRY ELEMENTS (KOHA)
Source of classification or shelving scheme Dewey Decimal Classification
Item type English Books
Classification part 954.01
Call number suffix BAL
Edition 1
Holdings
Withdrawn status Lost status Not for loan Collection code Home library Current library Date acquired Source of acquisition Cost, normal purchase price Full call number Barcode Copy number Cost, replacement price Koha item type
      Non-fiction Bawana Bawana 23/10/2024 Delivery of Books Act Division 1795.00 954.01 BAL EN-125835 1 1795.00 English Books

© Delhi Public Library
Hit Counter
free hit counter